000 00294nam a2200097Ia 4500
082 _a332.02402092 HALL
245 0 _aIn the red : the diary of a recovering shopaholic
100 _a Hall, Alexis Thriplow, 2009 New ed
_976406
942 _cBK
008 210817s9999 xx 000 0 und d
999 _c254130
_d254129